Rozpoznaj grę po recenzji Steam #18 - Statystyki

Ogólne statystyki
  • Ten quiz został rozwiązany 5 razy
  • Średni wynik to 6 z 20
Statystyki odpowiedzi
Recenzja Tytuł % Poprawnych
Chlejesz piwo, jarasz szlugi i ciskasz kolegą w postsowieckie miny, a no i jakiś kamper jest czy tam inny van RV There Yet?
80%
jest ok ale trochę nierealistyczna bo kiedy wrzucasz 2 w bmw e30 to skrzynia biegów jest cała co w rzeczywistości kończy się remontem Assetto Corsa
60%
kurt cobain pov Buckshot Roulette
60%
🐬TOTSUGEKI🐬🐬TOTSUGEKI🐬🐬TOTSUGEKI🐬🐬TOTSUGEKI🐬🐬TOTSUGEKI🐬🐬TOTSUGEKI🐬🐬TOTSUGEKI🐬🐬TOTSUGEKI🐬🐬TOTSUGEKI🐬🐬TOTSUGEKI🐬🐬TOTSUGEKI🐬🐬TOTSUGEKI🐬 GUILTY GEAR -STRIVE-
60%
Faza komórki idealnie odwzorowywuje mój poziom inteligencji. Spore
60%
jeżeli sukces tej gry na steamie nie skusi EA do stworzenia 3 części to skacze z balkonu na główkę. Titanfall® 2
60%
zrobili serial na netflixie na podstawie tej giereczki ktoś widział? Crab Game
40%
Skull and Bones płacze nad tym, czym mógł być. Windrose
40%
Można nawalać dzieci kijem bejsbolowym Days Gone
20%
Niezły srakulec, po jedynce na 5+, dwójce na solidne 4, twórcy uznali, że wypuszczą gierkę, która wygląda jak dlc stworzone przez stażystów na rynek dalekowschodni. Tragiczna fabuła, która rozkręca się na ostatnie 30 minut gameplayu, poboczne questy które jak zwykle polegają na osuszeniu 10 przepompowni, naprawieniu 40 elektrowni i połączeniu ze sobą 999 kabelków. No i nie można zapomnieć o znalezieniu mitycznego INNEGO WEJŚCIA, BO TĘDY NIE WEJDĘ - MAM PRZY SOBIE 999 WYTRYCHÓW, ALE MUSZĘ SZUKAĆ WENTA DOOKOŁA CHAŁUPY BO NIE UMIEM OTWORZYĆ SPRUCHNIAŁYCH, DĘBOWYCH DRZWICZEK. Dying Light: The Beast
20%
Nienawidze Magnificusa. Poza tym dobra gra, rozwaliłem anglera w dwa ruchy Inscryption
20%
Dojebana gierka tylko pizdy z arc riders coś pierdola bo z randomem nie mozesz zlapac sie za fjuta Marathon
20%
Pokemony dla edgelordów i z lepszą muzyką. 10/10 Shin Megami Tensei V: Vengeance
20%
Wstajesz do roboty - jest ciemno. Kończysz robotę - jest ciemno. Od rana do nocy ♥♥♥♥♥♥♥ na złodzieja-prywaciarza dwojąc sie i trojąc za najniższą planetarną. Doskonały symulator Polaka. The Alters
20%
z 1 kda na destiny przeszedłem na 1.05 więc imo essa Aimlabs
0%
Gra która na każdym kroku robi z Ciebie debila i wygląda jak paint na kwasie. Antichamber
0%
adult content disabled Katawa Shoujo
0%
można napić się krwi, rzygnąć i potem wyrzygać rzygi i tak w kółko 10/10 Noita
0%
a squirrel wiped my party with a skill called "These Nuts." OCTOPATH TRAVELER
0%
minecraft 2077 Teardown
0%
Nie znaleziono quizów pasujących do podanych kryteriów
Rozkład punktacji
Procent ludzi z każdym wynikiem
Percentyl według liczby udzielonych odpowiedzi
Twoja historia wyników
Nie rozwiązałeś tego quizu